Ядерная физика и ее приложения: учебное пособие

Bibliographische Detailangaben
1. Verfasser: Рыжакова Н. К. Надежда Кирилловна
Körperschaft: Национальный исследовательский Томский политехнический университет (ТПУ)
Zusammenfassung:В пособии рассмотрены основные понятия ядерной физики, свойства ядер, их превращения, а также некоторые важные вопросы прикладной ядерной физики. Предназначено для студентов и магистрантов, изучающих ядерную физику и ее приложения в области науки, техники, энергетики, медицины, экологии.
Sprache:Russisch
Veröffentlicht: Томск, Изд-во ТПУ, 2012
Ausgabe:4-е изд.
Schlagworte:
Format: MixedMaterials Buch
KOHA link:https://koha.lib.tpu.ru/cgi-bin/koha/opac-detail.pl?biblionumber=300185

MARC

LEADER 00000nam0a2200000 4500
001 300185
005 20240205142735.0
035 |a (RuTPU)RU\TPU\book\325338 
035 |a RU\TPU\book\253546 
090 |a 300185 
100 |a 20150707d2012 m y0rusy50 ca 
101 0 |a rus 
102 |a RU 
105 |a a j 001zy 
200 1 |a Ядерная физика и ее приложения  |e учебное пособие  |f Н. К. Рыжакова  |g Национальный исследовательский Томский политехнический университет (ТПУ) 
205 |a 4-е изд. 
210 |a Томск  |c Изд-во ТПУ  |d 2012 
215 |a 264 с.  |c ил. 
320 |a Библиогр.: с. 262-263. 
330 |a В пособии рассмотрены основные понятия ядерной физики, свойства ядер, их превращения, а также некоторые важные вопросы прикладной ядерной физики. Предназначено для студентов и магистрантов, изучающих ядерную физику и ее приложения в области науки, техники, энергетики, медицины, экологии. 
452 1 |0 (RuTPU)RU\TPU\book\205086  |t Ядерная физика и ее приложения  |o учебное пособие  |f Н. К. Рыжакова  |g Томский политехнический университет (ТПУ)  |e 2-е изд.  |c Томск  |n Изд-во ТПУ  |d 2008  |a Рыжакова, Гадежда Кирилловна 
606 1 |a Ядерная физика  |2 stltpush  |3 (RuTPU)RU\TPU\subj\21560  |9 46524 
610 1 |a атомное ядро 
610 1 |a излучение 
610 1 |a ядерные реакции 
610 1 |a деление 
610 1 |a медицина 
610 1 |a техника 
610 1 |a экология 
610 1 |a учебные пособия 
610 1 |a труды учёных ТПУ 
610 1 |a энергетика 
675 |a 539.14(075.8)  |v 3 
700 1 |a Рыжакова  |b Н. К.  |c физик  |c доцент Томского политехнического университета, кандидат физико-математических наук  |f 1947-  |g Надежда Кирилловна  |3 (RuTPU)RU\TPU\pers\28003  |9 12992 
712 0 2 |a Национальный исследовательский Томский политехнический университет (ТПУ)  |c (2009- )  |3 (RuTPU)RU\TPU\col\15902 
801 1 |a RU  |b 63413507  |c 20100426 
801 2 |a RU  |b 63413507  |c 20150818  |g RCR 
942 |c BK